Normal view MARC view

Entry Core Textbooks

Number of records used in: 5

001 - NÚMERO DE CONTROL

  • campo de control: 26051

003 - IDENTIFICADOR DEL NÚMERO DE CONTROL

  • campo de control: OSt

005 - FECHA Y HORA DE LA ÚLTIMA TRANSACCIÓN

  • campo de control: 20260512154210.0

008 - DATOS DE LONGITUD FIJA

  • campo de control de longitud fija: 251008|| aca||aabn | a|a d

040 ## - FUENTE DE LA CATALOGACIÓN

  • Centro catalogador/agencia de origen: OSt

130 ## - ENCABEZAMIENTO--TÍTULO UNIFORME

  • Título uniforme: MSc Brand Management & Creativity

Powered by Koha